000 01601cam a22003977a 4500
003 CHAP
005 20220329133036.0
008 971013s1989 r 00010 d
010 _a1542
011 _a2514
020 _a9682301181
035 _a1708
040 _cCHAP
082 _a649.65
_bF6y 1976
100 0 0 _aFoucault, Michel.
_942746
245 1 3 _aLa historia de la sexualidad
_c/por Michel Foucault
260 _aMéxico, D. F. :
_bSiglo XXI,
_c1977.
300 _a3 v.
500 _aTrad. de : Histoire de la sexualité I, 1976
505 _aContenido: v.1 La voluntad de saber -- v.2 El uso de los placeres -- v.3 La inquietud de sí
590 _aBATCH-UPD
_b10
_c20130110
_lUCH01
_h1156
590 _aBATCH-UPD
_b10
_c20130410
_lUCH01
_h0739
590 _aBATCH-UPD
_b10
_c20130914
_lUCH01
_h1252
590 _aCONVERSION
_b10
_c20130109
_lUCH01
_h1302
650 0 4 _aSexualidad humana.
_9105427
650 1 4 _aEducación sexual.
_935598
650 1 4 _aSexo
_xHistoria.
_9105417
901 _aBK
942 _cLIBRO
949 _a649.65 F6y 1976
_bBC
_cLIBRO
_d33724000263638
_eLIBRO
_fv.2
_h78666
_i1708
_si
_t11.20
949 _a649.65 F6y 1976
_bBC
_cLIBRO
_d33724000263646
_eLIBRO
_fv.3
_h78667
_i1708
_si
_t8.20
949 _a649.65 F6y 1976
_bBC
_cLIBRO
_d33724000263752
_eLIBRO
_fv.1
_h78664
_i1708
_si
_t8.20
949 _a649.65 F6y 1976
_bBC
_cLIBRO
_d33724000263760
_eLIBRO
_fv.1 c.2
_h78665
_i1708
_si
_t8.20
949 _a649.65 F6y 1976
_bBC
_cLIBRO
_d33724000848354
_eLIBRO
_fv.1 c.4
_gI.c/e
_h102352
_i1708
_si
949 _a649.65 F6y 1976
_bBC
_cLIBRO
_d33724000850343
_eLIBRO
_fv.1 c.3
_gI.c.e
_h102340
_i1708
_si
999 _c1542
_d1542